Joueurs du LOSC actuels ou anciens (mort subite) - Statistiques

Statistiques générales
  • Ce quiz a été pris 155 fois
  • Le résultat moyen est 11 sur 16
Answers on the Grid
Answers color-coded by a green-red scale on the quiz's grid according to % correct below.
Simon Kjaer
Vincent Enyeama
Lucas Digne
Burak Yilmaz
Hugo Lloris
Karim Benzema
Jonathan David
Yohan Cabaye
Thierry Henry
Kylian Mbappe
Florent Balmont
Olivier Giroud
Tulio De Melo
Erling Haaland
Lionel Messi
Rio Mavuba
Eden Hazard
Haraldsson
Lucas Chevalier
Brice Samba
Salomon Kalou
Edon Zhegrova
Emmanuel Petit
Cristiano Ronaldo
Harry Kane
Rafael Leao
Mike Maignan
Steve Mandanda
Eugénie Le Sommer
Michel Platini
 
Statistiques - réponses
Réponse % Correct
Burak Yilmaz
96%
Jonathan David
96%
Vincent Enyeama
89%
Lucas Digne
88%
Simon Kjaer
88%
Yohan Cabaye
87%
Florent Balmont
79%
Lucas Chevalier
60%
Eden Hazard
59%
Edon Zhegrova
57%
Haraldsson
57%
Mike Maignan
57%
Rio Mavuba
57%
Rafael Leao
56%
Salomon Kalou
56%
Tulio De Melo
56%
Aucun quiz correspondant
Distribution des résultats
% des personnes avec chaque résultat
Percentile par nombre de réponses
Votre historique - résultats
Vous n’avez pas pris ce quiz